000
00236nam a22000857a 4500
008
161115b xxu||||| |||| 00| 0 eng d
100
_9
1204
_a
National book trust
245
_a
Festivals in india
260
_a
New Delhi
_b
National book trust
_c
2006
999
_c
3895
_d
3895